| 000 | 00454nam a22001817a 4500 | ||
|---|---|---|---|
| 003 | CEME | ||
| 005 | 20210628201714.0 | ||
| 008 | 210204b xxu||||| |||| 00| 0 eng d | ||
| 020 | _a81-7371-414-2 | ||
| 040 | _c. | ||
| 082 | _a512.922 SHI | ||
| 100 |
_aShirali, Shailesh _956431 |
||
| 245 | _aA primer on alogarithms | ||
| 260 |
_aINDIA _bUNIVERSITY PRESS _c2002 |
||
| 300 | _aIX,189P | ||
| 650 |
_aA PRIMER ON ALOGARITHMS _956432 |
||
| 942 |
_cBK _2ddc |
||
| 999 |
_c566851 _d566851 |
||